Destur Ya Sefalet (Record no. 2939)

000 -LEADER
fixed length control field 00452nam a22001817a 4500
008 - FIXED-LENGTH DATA ELEMENTS--GENERAL INFORMATION
fixed length control field 171214b xxu||||| |||| 00| | tur d
020 ## - INTERNATIONAL STANDARD BOOK NUMBER
International Standard Book Number 9789944122597
041 ## - LANGUAGE CODE
Language code of text/sound track or separate title Türkçe
050 ## - LIBRARY OF CONGRESS CALL NUMBER
Classification number PL248.E65
100 ## - MAIN ENTRY--PERSONAL NAME
9 (RLIN) 1454
Personal name Erdinç, Fahri
245 ## - TITLE STATEMENT
Title Destur Ya Sefalet
250 ## - EDITION STATEMENT
Edition statement 1. Baskı
260 ## - PUBLICATION, DISTRIBUTION, ETC.
Place of publication, distribution, etc. İstanbul
Name of publisher, distributor, etc. Yordam Kitap
Date of publication, distribution, etc. Mart 2009
300 ## - PHYSICAL DESCRIPTION
Extent 224 sayfa
500 ## - GENERAL NOTE
General note Yordam Kitap : 68
650 #0 - SUBJECT ADDED ENTRY--TOPICAL TERM
9 (RLIN) 145
Topical term or geographic name entry element Türk Edebiyatı
942 ## - ADDED ENTRY ELEMENTS (KOHA)
Source of classification or shelving scheme
Koha item type Books
Holdings
Withdrawn status Lost status Source of classification or shelving scheme Damaged status Not for loan Permanent Location Current Location Shelving location Date acquired Full call number Barcode Date last seen Price effective from Koha item type
        Ödünç verilemez İmren Ahmet Tüzün Kütüphanesi İmren Ahmet Tüzün Kütüphanesi Ahmet Tüzün 2019-01-11 PL248.E65 100100002887 2019-01-11 2019-01-11 Books

This software was implemented, installed and managed by Devinim Software Training Consulting .